|
|
|
|
| LEADER |
00000nam2a2200000 4500 |
| 001 |
28110 |
| 005 |
20231030202658.0 |
| 035 |
|
|
|a (RuTPU)RU\TPU\book\28366
|
| 035 |
|
|
|a BOOK00028441
|
| 090 |
|
|
|a 28110
|
| 100 |
|
|
|a 20011209d1993 k y0rusy50 ca
|
| 101 |
0 |
|
|a rus
|
| 102 |
|
|
|a RU
|
| 105 |
|
|
|a y z 001zy
|
| 200 |
0 |
|
|a Т. 208: Исследования по топологии. 7
|
| 210 |
|
|
|d 1993
|
| 215 |
|
|
|a 223 с.
|
| 320 |
|
|
|a Библиогр. в конце статей
|
| 461 |
|
1 |
|0 (RuTPU)RU\TPU\book\26556
|t Записки научных семинаров ПОМИ
|f Российская академия наук (РАН), Математический институт им. В. А. Стеклова (МИ)
|v Т. 208: Исследования по топологии. 7
|d 1991-1994
|
| 610 |
1 |
|
|a математика
|
| 610 |
1 |
|
|a топология
|
| 610 |
1 |
|
|a битопологические пространства
|
| 610 |
1 |
|
|a рациональные пространства
|
| 610 |
1 |
|
|a неподвижные точки
|
| 675 |
|
|
|a 515.1
|v 3
|
| 712 |
0 |
2 |
|a Российская академия наук
|b Математический институт им. В. А. Стеклова (МИАН)
|b Ленинградское отделение
|2 stltpush
|3 (RuTPU)RU\TPU\col\135
|
| 801 |
|
0 |
|a RU
|b 63413507
|c 20011209
|g PSBO
|
| 801 |
|
2 |
|a RU
|b 63413507
|c 20110623
|g PSBO
|
| 942 |
|
|
|c BK
|